| 000 | 00957cam a22002054a 4500 | ||
|---|---|---|---|
| 005 | 20250605164003.0 | ||
| 008 | 250528s ||||||||||||||||||||||||d | ||
| 035 | _a15694 | ||
| 020 | _a198774222 | ||
| 040 |
_aGR-AtMCL _bgre _dGR-AtMCL _eAACR2 |
||
| 245 | 1 | _aThe Economics of Monetary Integration / Second Revised Edition | |
| 250 | _a2nd | ||
| 260 |
_bOxford University Press, _c1994 |
||
| 300 | _a232 | ||
| 520 | _aVery clear and highly readable account of economic issues raised by EMU. Introduction, Costs and Benefits of Monetary Union, The Theory of Optimum Currency Areas: A Critique, The Benefits of a Common Currency, Costs and Benefits Compared, Monetary Integration, Incomplete Monetary Unions: The European Monetary System, The Transition to a Monetary Union, A European Central Bank, Fiscal Policies in Monetary Unions, References, Index. | ||
| 700 | 1 |
_aGrauwe De Paule _91665 |
|
| 942 | _cBK | ||
| 999 |
_c1254 _d1254 |
||